Acuerdos de paz y cambio en Guatemala /
A fines de 1996 se firmó el último de una serie de acuerdos destinados a poner término a 36 años de conflicto armado en Guatemala. Transcurridos seis años, este artículo se pregunta por los resultados del proceso guatemalteco y los cambios producidos durante la pacificación. Se discute la utilidad d...
Na minha lista:
| Autor principal: | |
|---|---|
| Formato: | Texto |
| Assuntos: | |
| Tags: |
Adicionar Tag
Sem tags, seja o primeiro a adicionar uma tag!
|
MARC
| LEADER | 00000 a a2200000 04500 | ||
|---|---|---|---|
| 001 | 10702 | ||
| 003 | |||
| 040 | |||
| 100 | |a Pásara, Luis | ||
| 245 | |a Acuerdos de paz y cambio en Guatemala / |c Luis Pásara | ||
| 520 | |a A fines de 1996 se firmó el último de una serie de acuerdos destinados a poner término a 36 años de conflicto armado en Guatemala. Transcurridos seis años, este artículo se pregunta por los resultados del proceso guatemalteco y los cambios producidos durante la pacificación. Se discute la utilidad del tipo de acuerdos alcanzados, que propusieron un amplio conjunto de iniciativas destinadas a transformar radicalmente la sociedad y el Estado en el curso de cuatro años de ejecución, y se encontraron con obstáculos políticos y sociales estructurales | ||
| 650 | |a MANTENIMIENTO DE LA PAZ | ||
| 650 | |a DEMOCRATIZACION | ||
| 650 | |a CULTURA POLITICA | ||
| 650 | |a REFORMA POLITICA | ||
| 650 | |a PAZ | ||
| 773 | |g número 183; páginas 38-51 | ||
| 999 | |c 39584 |d 39584 | ||
